00491nam a2200181 a 4500001001300000003000900013005001700022008004100039020002300080082001600103100002400119245003100143260003300174300000900207500003500216505003100251650002700282nice12345678IN_TiNIC20260116014954.0050524s1998 u sa grp 000 0 eng  a0800623 c10000a230.41bBLO aBloomquist, Karen L aPromise of Lutheran Ethics aU S abFortress Press c1998 a247p aincludes index and biblioraphy2 aNotes, Index, Bibliography aLutheran Church-Ethics